Grand rebel: An impression of Shivaji founder of the Maratha empire (Record no. 339448)

MARC details
000 -LEADER
fixed length control field 004380000a22001690004500
005 - DATE AND TIME OF LATEST TRANSACTION
control field 20120302052210.0
040 ## - CATALOGING SOURCE
Original cataloging agency ENG
100 ## - MAIN ENTRY--PERSONAL NAME
Personal name Kincaid, Dennis
245 ## - TITLE STATEMENT
Title Grand rebel: An impression of Shivaji founder of the Maratha empire
260 ## - PUBLICATION, DISTRIBUTION, ETC. (IMPRINT)
Place of publication, distribution, etc Collins:
Name of publisher, distributor, etc Forty-Eight Pall Mall,
Date of publication, distribution, etc 1937
300 ## - PHYSICAL DESCRIPTION
Extent 329p
365 ## - TRADE PRICE
Price amount Rs.7.00
650 ## - SUBJECT ADDED ENTRY--TOPICAL TERM
Topical term or geographic name as entry element Grand Rebel
650 ## - SUBJECT ADDED ENTRY--TOPICAL TERM
Topical term or geographic name as entry element Shivaji-Maratha Empire
650 ## - SUBJECT ADDED ENTRY--TOPICAL TERM
Topical term or geographic name as entry element Chieftain
942 ## - ADDED ENTRY ELEMENTS (KOHA)
Koha item type Book
Holdings
Withdrawn status Lost status Damaged status Not for loan Home library Current library Date acquired Total Checkouts Barcode Date last seen Price effective from
        Institute For Oriental Study, Thane Institute For Oriental Study, Thane 12/02/2009   IOS-E3604 12/02/2009 12/02/2009